Region to Country #2 - Statistics

General Stats
  • This quiz has been taken 21 times
  • The average score is 9 of 15
Answer Stats
Hint Answer % Correct
Brittany France
100%
Yucatan Mexico
100%
Montana USA
100%
New South Wales Australia
95%
Kyushu Japan
90%
Gobi-Altai Mongolia
80%
Plovdiv Bulgaria
55%
Negev Israel
55%
Sarawak Malaysia
45%
Versturland Iceland
35%
Gourara Algeria
30%
Ngermeduu Palau
30%
Shan Myanmar
20%
Dhofar Oman
15%
Ngami land Botswana
10%
No matching quizzes found
Score Distribution
Percent of People with Each Score
Percentile by Number Answered
Your Score History
You have not taken this quiz